LEADER 00719cam0 2200241 450 001 E600200040975 005 20210302085552.0 100 $a20081016d1993 |||||ita|0103 ba 101 $aita 102 $aIT 200 1 $aSul comunicare$fRomano Alquati 210 $aTorino$cIl Segnalibro$d1993 215 $a118 p.$d21 cm 700 1$aAlquati$b, Romano$3AF00006409$4070$0135446 801 0$aIT$bUNISOB$c20210302$gRICA 850 $aUNISOB 852 $aUNISOB$j300$m96074 912 $aE600200040975 940 $aM 102 Monografia moderna SBN 941 $aM 957 $a300$b002935$gSi$d96074$1massimo$2UNISOB$3UNISOB$420081016133616.0$520190729100240.0$6Spinosa 996 $aSul comunicare$91685032 997 $aUNISOB